MDQL
is popping MORE tags! Check the
thread
!
Quizzes
Events
Quiz Creation
Community
Videos
Private Events
Remove Ads
Sign In
Join for FREE
Feedback
Dark Mode
Quiz Categories
Sports
Geography
Music
Movies
Television
Just For Fun
Miscellaneous
History
Literature
Language
Science
Gaming
Entertainment
Religion
Holiday
For Kids
Quiz Lab
Recent
Popular Today
Quiz Kudos Today
Editor Picks
Curator Picks
Quizzes by...
Day
Popularity
Type
Ratings
Length
Year
Community
Subscriptions
Recent Discussions
Orange Saloon
Badges
Playlists
Quests
Create
Leaderboards
Showdown
Live 5
Trivia Bingo
Activity
Puzzle Library
Sporcle Events
Private Events
Virtual Trivia
Globe League
Become a Host
Pub Owners
SporcleCon
Opinionation
Our Games
Videos
Blog
Mobile Apps
Partnerships
Remove Ads and Go Orange
Feedback
Music
Pop Music
The Beatles
Song
Album
Lyrics
Bands
Singers
Artist
Clip
Rock
Rap
Classical
Billboard
Country Music
Kpop
Taylor Swift
Music
Pop Music
The Beatles
Song
Album
Lyrics
Bands
Singers
Artist
Clip
Rock
Rap
Classical
Billboard
Country Music
Kpop
Taylor Swift
Random Quiz
Search Sporcle
×
Quiz Lab
Quiz Lab
Music
Song
Type in answers that appear in a list
Type in answers that appear in a list
Classic
Best Score? Go Orange.
Daft Punk - 'Technologic' Actions Stats
Can you name the actions Daft Punk tells you to perform on 'it' in the song 'Technologic'?
By
kenshen86
7m
55 Questions
1,475 Plays
1,475 Plays
1,475 Plays
Comments
Comments
Give Quiz Kudos
Give Quiz Kudos
-
- Ratings
hide this ad
Replay
Link that replays current quiz
Next Quiz
Link to next quiz in quiz playlist
You Got
0%
They Got
Avg Score
46%
Avg Friend Score
Upgrade to see
Score Distribution
Jump to the score distribution portion of the page
Score
0/55
Timer
07:00
0
Plays Today
Verb(s)
% Correct
Buy
90.8%
break
85.7%
use
84.2%
fix
82.5%
change
66.7%
Trash
66.4%
zoom
62.1%
Charge
58.8%
work
58.7%
save
54.2%
press
54.1%
paste
54%
Snap
53.7%
point
53%
Write
52.8%
Load
52.1%
play
49.9%
cut
47.9%
check
47.9%
burn
47.9%
Lock
47.5%
Touch
45.8%
rip
45.4%
click
44.9%
Plug
44.5%
Quick - rewrite
43.5%
quick - erase
43.4%
zip - unzip
42.7%
Verb(s)
% Correct
watch
42.3%
Name
42.2%
scroll
41.6%
Turn
40.5%
tune
40.2%
mail - upgrade
40.1%
Surf
39.5%
send
39.2%
bring
39.1%
View
38.6%
code
38.4%
Scan
38.3%
leave
38.2%
print
37.5%
pay
37.4%
fill
37.1%
find
36.3%
crack
36%
fax - rename
35.3%
Drag and drop
34.4%
Cross
30.4%
pause
28.1%
call
26.7%
jam - unlock
26.5%
switch - update
24.5%
rate
22.9%
start - format
21.9%
Quiz Playlist
Details
Report
Send in Message
Add To Playlist
Classic:
Type in answers that appear in a list
Last Updated: Jun 6, 2017
Quiz Scoreboard
CHALLENGE
Sign Up to Join the Scoreboard
Show All
Scores
Hide
Comments
May contain spoilers
Recently Published
Colored Red Africa Blitz
by spor1
Geography
30s
Find the 'City' Movie
by crazypaving
Movies
60s
5x2 Blitz: Bands
by SL_Kpop136
Music
30s
More to Explore
Quiz From the Vault
Featured Blog Post
14 Easter Pick-up Lines to Find Eggs With
hide this ad
You Might Also Like...
Tags
Song Quiz
Action
daft
Daft Punk
Perform
punk
technologic
Verb
Today's Top Quizzes in Music
Browse Music
hide this ad
Today's Top Quizzes in Song
Browse Song
Top Contributed Quizzes in Music
1
5X2 Blitz: Bands II
2
5X2 Blitz: The Beatles
3
Taylor Swift All Songs (2024)
4
5X2 Blitz: Billboard
5
5X2 Blitz: Billboard II
6
5X2 Blitz: Album
7
Taylor Swift Logic Puzzle II
8
5X2 Blitz: Singers
9
5X2 Blitz: Rock
10
5X2 Blitz: Lyrics
Explore More
Trending Topics
Harry Potter
Crossword
NBA
Kpop
Disney
Anime
Marvel
NFL
Pokémon
Soccer
Country
WWE
The Office
Puzzle
Song
hide this ad
More By:
kenshen86
Quiz
Plays
Rating
Category
Featured
Created
Daft Punk - 'Technologic' Actions
1,475
3.22
Music
Sep 23, 2009
Go to Creator's Profile
Score Distribution
Quiz Creator Spotlight
kenshen86
Follow
Send a Message
Quizzes Created
-
Created Quiz Play Count
-
More By This Creator
Popular Quizzes Today
1
Colored Red Africa Blitz
2
Find the US States - No Outlines Minefield
3
Find the 'City' Movie
4
5x2 Blitz: Bands
5
The Countries of the World
6
Find the US States
7
Find the Countries of Europe - No Outlines Minefield
8
US States
More Music Quizzes
AI-Generated Art: '80s Songs
Published
Trending Quizzes
Colored Red Europe Blitz I
Colored Red Europe Blitz II
Colored Red Africa Blitz II
Colored Red Europe Blitz III
Colored Red Africa Blitz III
Recently Updated
How Do You Spell That?
pecheneg
Godzilla Movies
pecheneg
Grab Bag: 4-10 Letters
pecheneg
2024 March Madness Bracket
pecheneg
Famous TV Couples
Peacemaker
Champions League XIs: Real Madrid
pecheneg
Largest US Cities 1790-2010
pecheneg
Rides in Walt Disney World
pecheneg
Most Oscar Losses (Acting)
pecheneg
Beyoncé Albums
pecheneg
Trending Topics
Marvel
Harry Potter
NBA
Anime
Crossword
Disney
Kpop
Puzzle
The Office
WWE
Country
Soccer
Pokémon
NFL
Song
Your Account Isn't Verified!
In order to create a playlist on Sporcle, you need to verify the email address you used during registration. Go to your
Sporcle Settings
to finish the process.
Report this User
Report this user for behavior that violates our
Community Guidelines
.
Details:
Send Report
Go to the Sporcle.com Mobile Site →
Comments